| 000 | 00646nam a2200193 i 4500 | ||
|---|---|---|---|
| 001 | 74585 | ||
| 003 | ES-MaACL | ||
| 007 | t| | ||
| 008 | 040920s1983 sp ||||1| spa d | ||
| 100 | 1 |
_aGouldner, Alvin W. _959341 |
|
| 245 | 1 | 4 |
_aLos dos marxismos _b: contradicciones y anomalías en el desarrollo de la teoría / _cAlvin W. Gouldner ; versión de Néstor A. Míguez. |
| 260 |
_a[Madrid] : _bAlianza, _c[1983] |
||
| 300 |
_a418 p. ; _c20 cm. |
||
| 490 | 1 |
_aAlianza universidad ; _v354 |
|
| 700 | 1 |
_aMíguez, Néstor. _981054 |
|
| 830 | 0 |
_aAlianza universidad ; _v354 _9177276 |
|
| 852 |
_aES-MaACL _jL-5298 _bR.105862 |
||
| 999 |
_c74585 _d74585 |
||